00801cam a2200253 a 4500001001000000003000900010005001700019008004100036020001500077040002500092082002700117100002000144245008800164250001200252260004100264300002100305490001900326504004200345650005100387650003000438651003500468700002500503830001900528000006667DO-SdBNP20250529125500.0760729s1980 cu 001 0 spa  a9682300673 aDO-SdBNPbspacBNPHU a970.00497bP893i, 19801 aPozas, Ricardo.14aLos indios en las clases sociales de México /cRicardo Pozas, Isabel H. de Pozas. a11a ed. aLa Habana :bSiglo Veintiuno,c1980. a181 p. ;c18 cm.1 aAntropología aIncluye referencias bibliográficas. 4aIndígenas de MéxicoxCondiciones sociales 0aClases socialeszMéxico 4aMéxicoxCondiciones sociales1 aPozas, Isabel H. de, 0aAntropología